Uplatňovanie spotrebiteľských práv pri nákupe cez internet bakalárska práca

Uložené v:
Podrobná bibliografia
Hlavný autor: Buhai, Sofiia
Korporativný autor: Fakulta podnikového manažmentu EU. Katedra podnikovohospodárska
Ďalší autori: Kissová, Jana, 1979-
Médium: Kniha
Jazyk:Slovak
Vydavateľské údaje: Bratislava 2025
Tagy: Pridať tag
Žiadne tagy, Buďte prvý, kto otaguje tento záznam!

MARC

LEADER 00000nbm a2200000 4500
001 0310014
005 20251209122951.5
041 0 |a slo 
044 |a SK 
245 1 0 |a Uplatňovanie spotrebiteľských práv pri nákupe cez internet  |b bakalárska práca  |c Sofiia Buhai ; školiteľ: Jana Kissová 
264 1 |a Bratislava  |c 2025 
300 |a 45 s. 
100 1 |a Buhai, Sofiia 
700 1 |a Kissová, Jana, 1979- 
710 2 |a Fakulta podnikového manažmentu EU. Katedra podnikovohospodárska